Culture Générale - Série 2635 - Statistiques

Statistiques générales
  • Ce quiz a été pris 91 fois
  • Le résultat moyen est 3 sur 10
Statistiques - réponses
Question Réponse % Correct
Quelle rivière arrose la ville de Creil (60) ? Oise
72%
Quel nom donne-t-on à l'animal imaginaire que l'on fait croire aux naïfs et qu'on incite à partir en forêt pour le débusquer ? dahu
63%
Quel mollusque marin a donné son nom au sous-marin de fiction imaginé par Jules Verne pour son roman Vingt Mille Lieues sous les mers ? nautile
46%
Sous quel nom de plume connait-on Henri Beyle ? Stendhal
38%
Dans la mythologie grecque, quel est le père de Pan ? Hermès
14%
Quelle ville de France est renommée pour ses zézettes (biscuits sablés) ? Sète
11%
Quel fleuve côtier long de 56 km se jette dans la rade de Brest ? Elorn
6%
Quelle ville de France est renommée pour ses coucougnettes (friandises) ? Pau
6%
Dans le roman "Les hauts de Hurlevent" d'Emily Brontë, quel est le prénom de Mademoiselle Earnshaw dont Heathcliff est amoureux ? Catherine
4%
Quelle ville de France est renommée pour ses bonbons appelés patates ou pataches ? Saint-Malo
2%
Aucun quiz correspondant
Distribution des résultats
% des personnes avec chaque résultat
Percentile par nombre de réponses
Votre historique - résultats
Vous n’avez pas pris ce quiz